MILQA kérdés-válasz benchmark adatbázis
Jelen cikkben bemutatott kutatás során új kérdés-válasz benchmark adatbázist hoztunk létre magyar nyelvre. A MILQA1 adatbázis létrehozásakor nagyrészt az angol nyelvű SQuAD 2.0 elveit követtük, azonban néhány a SQuAD-nál újabb keletű angol nyelvű kérdés-válasz adatbázishoz hasonlóan bevezettünk szám...
Elmentve itt :
| Szerzők: | |
|---|---|
| Testületi szerző: | |
| Dokumentumtípus: | Könyv része |
| Megjelent: |
2023
|
| Sorozat: | Magyar Számítógépes Nyelvészeti Konferencia
19 |
| Kulcsszavak: | Benchmark adatbázis, Nyelvészet - számítógép alkalmazása |
| Tárgyszavak: | |
| Online Access: | http://acta.bibl.u-szeged.hu/78414 |
| LEADER | 01628naa a2200265 i 4500 | ||
|---|---|---|---|
| 001 | acta78414 | ||
| 005 | 20230316083204.0 | ||
| 008 | 230316s2023 hu o 1|| hun d | ||
| 020 | |a 978-963-306-912-7 | ||
| 040 | |a SZTE Egyetemi Kiadványok Repozitórium |b hun | ||
| 041 | |a hun | ||
| 100 | 1 | |a Novák Attila | |
| 245 | 1 | 0 | |a MILQA kérdés-válasz benchmark adatbázis |h [elektronikus dokumentum] / |c Novák Attila |
| 260 | |c 2023 | ||
| 300 | |a 203-216 | ||
| 490 | 0 | |a Magyar Számítógépes Nyelvészeti Konferencia |v 19 | |
| 520 | 3 | |a Jelen cikkben bemutatott kutatás során új kérdés-válasz benchmark adatbázist hoztunk létre magyar nyelvre. A MILQA1 adatbázis létrehozásakor nagyrészt az angol nyelvű SQuAD 2.0 elveit követtük, azonban néhány a SQuAD-nál újabb keletű angol nyelvű kérdés-válasz adatbázishoz hasonlóan bevezettünk számos a SQuAD-on túlmutató újítást: többek között igen/nem válaszokkal megjelölt eldöntendő kérdéseket, több szakaszból álló listaszerű válaszokat, hosszú válaszokat, számolást igénylő és egyéb olyan kérdéseket, ahol nem másolható ki egyszerűen a válasz a szövegből. | |
| 650 | 4 | |a Természettudományok | |
| 650 | 4 | |a Számítás- és információtudomány | |
| 650 | 4 | |a Bölcsészettudományok | |
| 650 | 4 | |a Nyelvek és irodalom | |
| 695 | |a Benchmark adatbázis, Nyelvészet - számítógép alkalmazása | ||
| 700 | 0 | 1 | |a Novák Borbála |e aut |
| 711 | |a Magyar számítógépes nyelvészeti konferencia (19.) |c Szeged |d 2023. január 26-27. | ||
| 856 | 4 | 0 | |u http://acta.bibl.u-szeged.hu/78414/1/msznykonf_019_203-216..pdf |z Dokumentum-elérés |